[Event "WchT (Women) 2nd"]
[Site "Ningbo"]
[Date "2009.09.09"]
[Round "7"]
[White "Vo Thi Kim, Phung"]
[Black "Aginian, Nelly"]
[Result "0-1"]
[WhiteElo "2078"]
[BlackElo "2307"]
[PlyCount "176"]
[EventDate "2009.09.02"]
[EventType "team-tourn"]
[EventRounds "9"]
[EventCountry "CHN"]
[SourceTitle "CBM 132 Extra"]
[Source "ChessBase"]
[SourceDate "2009.11.03"]
[SourceVersion "1"]
[SourceVersionDate "2009.11.03"]
[SourceQuality "1"]
[WhiteTeam "Vietnam (W)"]
[BlackTeam "Armenia (W)"]
[WhiteTeamCountry "VIE"]
[BlackTeamCountry "ARM"]

1. d4 d5 2. Nf3 Nf6 3. c4 c6 4. Nc3 e6 5. cxd5 exd5 6. Bg5 h6 7. Bh4 Bf5 8. Qb3 g5 9. Bg3 Qb6 10. Nd2 Nbd7 11. e3 Nh5 12. Be2 Nxg3 13. hxg3 Bg7 14. Rc1 0-0 15. Na4 Qxb3 16. Nxb3 Rfe8 17. Kd2 Nf6 18. f3 h5 19. Nac5 Re7 20. Bd3 Bg6 21. Bxg6 fxg6 22. Nd3 Ne8 23. Na5 Nd6 24. Rhe1 Rae8 25. Nc5 Rf7 26. Nd3 Nf5 27. Nb4 Bf8 28. Nd3 Nxg3 29. a3 Bd6 30. b4 Nf5 31. Rc3 Bg3 32. Re2 Rfe7 33. Ne5 Bxe5 34. dxe5 Rxe5 35. Nxb7 d4 36. Rxc6 dxe3+ 37. Kc3 Ng3 38. Re1 e2 39. Rxg6+ Kh7 40. Rd6 Nf5 41. Rd7+ Kg6 42. Nd6 Nxd6 43. Rxd6+ Kf5 44. Rd4 Re3+ 45. Kb2 g4 46. fxg4+ hxg4 47. Kc2 Rxa3 48. Kd2 Ra2+ 49. Kd3 Ra3+ 50. Kd2 Kg5 51. g3 Rxg3 52. Rxe2 Rxe2+ 53. Kxe2 Ra3 54. Kf2 Kh4 55. Rd1 Ra2+ 56. Kg1 Kh3 57. Rb1 a6 58. Rb3+ g3 59. Rb1 Rg2+ 60. Kh1 Re2 61. Kg1 Re5 62. Ra1 Re3 63. Rb1 Rd3 64. Kh1 g2+ 65. Kg1 Kg3 66. b5 axb5 67. Rb3 Rf3 68. Rd3 Kf4 69. Rd4+ Ke3 70. Rd5 b4 71. Kxg2 Rf2+ 72. Kg3 Rd2 73. Rb5 Rd4 74. Kg2 Kd3 75. Kf2 Re4 76. Kf3 Rd4 77. Rb8 Kc3 78. Ke3 Rd7 79. Ke2 b3 80. Rc8+ Kb2 81. Rb8 Kc2 82. Rc8+ Kb1 83. Rb8 b2 84. Ra8 Rd5 85. Ra7 Kc2 86. Rc7+ Kb3 87. Rb7+ Kc3 88. Ke3 Re5+ 0-1

[Event "WchT (Women) 2nd"]
[Site "Ningbo"]
[Date "2009.09.06"]
[Round "5"]
[White "Lomineishvili, Maia"]
[Black "Aginian, Nelly"]
[Result "1/2-1/2"]
[WhiteElo "2378"]
[BlackElo "2307"]
[PlyCount "107"]
[EventDate "2009.09.02"]
[EventType "team-tourn"]
[EventRounds "9"]
[EventCountry "CHN"]
[SourceTitle "CBM 132 Extra"]
[Source "ChessBase"]
[SourceDate "2009.11.03"]
[SourceVersion "1"]
[SourceVersionDate "2009.11.03"]
[SourceQuality "1"]
[WhiteTeam "Georgia (W)"]
[BlackTeam "Armenia (W)"]
[WhiteTeamCountry "GEO"]
[BlackTeamCountry "ARM"]

1. e4 e6 2. d4 d5 3. Nc3 Nf6 4. Bg5 dxe4 5. Nxe4 Be7 6. Bxf6 gxf6 7. Nf3 f5 8. Nc3 a6 9. Qd2 b5 10. 0-0-0 b4 11. Na4 Bb7 12. Bc4 Bd5 13. Qe2 Rg8 14. Rhg1 Qd6 15. Ne5 Nd7 16. f3 Nxe5 17. dxe5 Qc6 18. Bxd5 exd5 19. b3 Qh6+ 20. Kb1 Qxh2 21. Rh1 Qxg2 22. Qd3 Rg3 23. Qxd5 Qxf3 24. Qd7+ Kf8 25. Rdf1 Qe4 26. Qxc7 Bd8 27. Qd6+ Be7 28. Qh6+ Ke8 29. Re1 Qg2 30. e6 Rg7 31. exf7+ Kxf7 32. Qe6+ Ke8 33. Qxf5 Rf7 34. Qe6 Qg6 35. Qe2 Kf8 36. Rhg1 Bg5 37. Qg2 Re8 38. Nc5 Rf5 39. Qa8 Kf7 40. Qb7+ Kg8 41. Qc8 Kf7 42. Ne4 h6 43. Qb7+ Kg8 44. Qxb4 a5 45. Qc4+ Kg7 46. Qc7+ Kh8 47. Qc8 Kg7 48. Qc7+ Kh8 49. a4 Kg8 50. Rd1 Rf7 51. Qc4 Kg7 52. Qd4+ Kg8 53. Qe5 Qf5 54. Rd6 1/2-1/2

[Event "Aegean op 32nd"]
[Site "Aghios Kirykos"]
[Date "2009.07.15"]
[Round "5"]
[White "Zagrebelny, Sergey"]
[Black "Aginian, Nelly"]
[Result "1-0"]
[WhiteElo "2480"]
[BlackElo "2322"]
[PlyCount "129"]
[EventDate "2009.07.11"]
[EventType "swiss"]
[EventRounds "9"]
[EventCountry "GRE"]
[SourceTitle "CBM 131 Extra"]
[Source "ChessBase"]
[SourceDate "2009.09.03"]
[SourceVersion "2"]
[SourceVersionDate "2009.09.16"]
[SourceQuality "1"]

1. e4 e6 2. d4 d5 3. Nd2 c5 4. exd5 exd5 5. Bb5+ Bd7 6. Bxd7+ Nxd7 7. Ngf3 Ngf6 8. 0-0 Be7 9. dxc5 Nxc5 10. Nb3 Nce4 11. Nfd4 Qd7 12. f3 Nd6 13. Nc5 Qc8 14. Nd3 0-0 15. Be3 Re8 16. Re1 Bf8 17. Bf2 g6 18. Qd2 Bg7 19. Qf4 Nc4 20. Rxe8+ Qxe8 21. Re1 Qd7 22. b3 Na5 23. Ne5 Qd8 24. Bh4 Qb6 25. Bf2 Qb4 26. g4 Rf8 27. Ne6 Qxf4 28. Nxf4 g5 29. Nh3 Rc8 30. Re2 Nc6 31. Nxc6 Rxc6 32. Nxg5 b5 33. Bxa7 Ra6 34. Bf2 Rxa2 35. Nh3 Ra8 36. Nf4 h6 37. Bh4 Ra1+ 38. Kf2 Rd1 39. Nd3 d4 40. Re1 Rd2+ 41. Re2 Rd1 42. Nb4 Nd7 43. Re8+ Kh7 44. Ke2 Rc1 45. Re7 Nc5 46. Rxf7 Kg6 47. Rf5 Ne6 48. Rxb5 Nf4+ 49. Kd2 Rf1 50. Rf5 Ng2 51. Bg3 Ne3 52. Rc5 Rxf3 53. Ke2 Rf7 54. h3 Bf8 55. Rc6+ Kh7 56. Nd3 Nd5 57. Ne5 Re7 58. Kf3 Bg7 59. Nd3 Re3+ 60. Kf2 Nf6 61. Kg2 Ne4 62. Bf4 Nd2 63. Bxe3 dxe3 64. b4 Bd4 65. b5 1-0

[Event "Aegean op 32nd"]
[Site "Aghios Kirykos"]
[Date "2009.07.14"]
[Round "4"]
[White "Aginian, Nelly"]
[Black "Lekic, Dusan"]
[Result "1/2-1/2"]
[WhiteElo "2322"]
[BlackElo "2394"]
[PlyCount "30"]
[EventDate "2009.07.11"]
[EventType "swiss"]
[EventRounds "9"]
[EventCountry "GRE"]
[SourceTitle "CBM 131 Extra"]
[Source "ChessBase"]
[SourceDate "2009.09.03"]
[SourceVersion "2"]
[SourceVersionDate "2009.09.16"]
[SourceQuality "1"]

1. e4 c5 2. Nf3 d6 3. d4 cxd4 4. Nxd4 Nf6 5. Nc3 Nc6 6. Bg5 e6 7. Qd2 Be7 8. 0-0-0 Nxd4 9. Qxd4 0-0 10. e5 dxe5 11. Qxe5 Bd7 12. Be2 Rc8 13. Be3 Bb4 14. Bd4 Bc6 15. Qg3 Qe7 1/2-1/2

[Event "EU-ch (Women) 10th"]
[Site "St Petersburg"]
[Date "2009.03.13"]
[Round "6"]
[White "Aginian, Nelly"]
[Black "Lomako, Anna"]
[Result "1-0"]
[WhiteElo "2335"]
[BlackElo "2277"]
[PlyCount "75"]
[EventDate "2009.03.08"]
[EventType "swiss"]
[EventRounds "11"]
[EventCountry "RUS"]
[SourceTitle "CBM 129 Extra"]
[Source "ChessBase"]
[SourceDate "2009.05.05"]
[SourceVersion "2"]
[SourceVersionDate "2009.05.20"]
[SourceQuality "1"]

1. e4 d6 2. d4 Nf6 3. Nc3 e5 4. Nf3 Nbd7 5. Bc4 Be7 6. 0-0 0-0 7. a4 c6 8. Ba2 exd4 9. Nxd4 Ne5 10. Bf4 Qa5 11. Rb1 Qb4 12. f3 Re8 13. Kh1 Bd7 14. Qd2 Rad8 15. Qf2 Bc8 16. Bd2 Qb6 17. Be3 Qb4 18. Bd2 Qb6 19. b4 d5 20. a5 Qa6 21. exd5 Nxd5 22. Nxd5 cxd5 23. Rfe1 Nc4 24. Bc3 Qh6 25. g3 Bd7 26. Rbd1 Bd6 27. f4 Bg4 28. Rxe8+ Rxe8 29. Re1 Rxe1+ 30. Qxe1 Kf8 31. Bb3 Qh5 32. Kg2 Bh3+ 33. Kg1 Bd7 34. Qf1 g5 35. Bxc4 dxc4 36. f5 Qg4 37. Qxc4 Bc6 38. Ne6+ 1-0